Deep space optical communications
This book captures a quarter century of research and development in deep space optical communications from the Jet Propulsion Laboratory (JPL). Additionally, it presents findings from other optical communications research groups from around the world for a full perspective. Readers are brought up to...
Salvato in:
| Natura: | Libro |
|---|---|
| Lingua: | Undetermined |
| Pubblicazione: |
Hoboken, N.J.
Wiley-Interscience
2006
|
| Soggetti: | |
| Tags: |
Aggiungi Tag
Nessun Tag, puoi essere il primo ad aggiungerne! !
|
| Thư viện lưu trữ: | Trung tâm Học liệu Trường Đại học Cần Thơ |
|---|
| LEADER | 01153nam a2200205Ia 4500 | ||
|---|---|---|---|
| 001 | CTU_164738 | ||
| 008 | 210402s9999 xx 000 0 und d | ||
| 020 | |c 153.09 | ||
| 082 | |a 629.4743 | ||
| 082 | |b D311 | ||
| 245 | 0 | |a Deep space optical communications | |
| 245 | 0 | |c edited by Hamid Hemmati | |
| 260 | |a Hoboken, N.J. | ||
| 260 | |b Wiley-Interscience | ||
| 260 | |c 2006 | ||
| 520 | |a This book captures a quarter century of research and development in deep space optical communications from the Jet Propulsion Laboratory (JPL). Additionally, it presents findings from other optical communications research groups from around the world for a full perspective. Readers are brought up to date with the latest developments in optical communications technology, as well as the state of the art in component and subsystem technologies, fundamental limitations, and approaches to develop and fully exploit new technologies. | ||
| 650 | |a Astronautics,Ngành du hành vũ trụ | ||
| 650 | |x Optical communication systems,Hệ thống truyền thông quang học | ||
| 904 | |i Năm | ||
| 980 | |a Trung tâm Học liệu Trường Đại học Cần Thơ | ||